000 00312nam a22001457a 4500
003 SGT
020 _a978-93-7473-674-6
100 _aSHUKLA, PADMINI
245 _aHERBAL DRUG TECHNOLOGY
250 _a1st
260 _aAITBS, PUB.
_bDELHI
_c2020
650 _aHERBAL, DRUG
653 _a DRUG
942 _2ddc
_cBK
999 _c24671
_d24671